00694nam a2200241 a 4500001001300000003000900013005001700022008004100039020001000080082001800090100002700108245003000135260003100165300001400196500003500210505001300245650001900258700002700277902000800304942000700312952011800319999001500437nice12345678IN_TiNIC20260116011915.0050524s1899 dela grp 000 0 urd  ac10000a891.4396bGHA aGhalib, Asadullah Khan aUrdu-E-Mualla, Part 1 & 2 aDelhibMatba Mujtabac1899 a384p, 64p aincludes index and biblioraphy2 aAppendix aGhalib-Letters1 aGhalib, Asadullah Khan bSRS cBK 001040708StackRoom-aHMIbHMId2007-06-01g100.00l0o891.4396 GHAp08412r2007-06-01v100.00w2005-05-24yBK c4854d4854